000 00604nam a2200181 4500
001 16402
005 20230404125916.0
008 060907n2003 dr spa
020 _a0881323470
035 _9funglode16536
041 _aEN
050 1 4 _a100 HC 125 A258 2003
245 0 _aAfter the Washington consensus :
_brestarting growth and reform in Latin America /
_cedited by Pedro-Pablo Kuczynski, John Williamson
260 _aWashington :
_bInstitute for International Economics,
_c2003
300 _axii, 373p.
700 _aKuczynski, Pedro-Pablo \ Williamson, John
942 _2lcc
_cbk
999 _c7130
_d7130